[Event "6th EICC"]
[Site "Warsaw POL"]
[Date "2005.06.18"]
[Round "1"]
[White "Iljin,A"]
[Black "Kharlov,A"]
[Result "1-0"]
[WhiteElo "2484"]
[BlackElo "2628"]
[EventDate "2005.06.18"]

1. d4 Nf6 2. c4 e6 3. Nc3 Bb4 4. Qc2 O-O 5. a3 Bxc3+ 6. Qxc3 b6 7. Bg5 Bb7
8. e3 h6 9. Bh4 g5 10. Bg3 Ne4 11. Qc2 f5 12. Bd3 d6 13. f3 Nxg3 14. hxg3
Qf6 15. g4 Nd7 16. O-O-O fxg4 17. fxg4 Qg7 18. Nf3 Rxf3 19. gxf3 Bxf3 20.
Qh2 Bxd1 21. Kxd1 Nf6 22. Qxh6 Qxh6 23. Rxh6 Kf7 24. Ke2 c5 25. Kf3 a5 26.
Rh2 Rd8 27. b4 axb4 28. axb4 Ra8 29. bxc5 Ra3 30. c6 Ke7 31. Rh8 Ra7 32.
Rb8 d5 33. Rb7+ Rxb7 34. cxb7 Nd7 35. cxd5 exd5 36. Bb5 Nb8 37. e4 1-0

[Event "6th EICC"]
[Site "Warsaw POL"]
[Date "2005.06.18"]
[Round "1"]
[White "Czarnota,P"]
[Black "Kempinski,R"]
[Result "1/2-1/2"]
[WhiteElo "2478"]
[BlackElo "2627"]
[EventDate "2005.06.18"]

1. e4 c5 2. Nf3 d6 3. d4 cxd4 4. Nxd4 Nf6 5. Nc3 a6 6. Be3 e5 7. Nb3 Be6 8.
f3 Be7 9. Qd2 O-O 10. O-O-O a5 11. Bb5 Na6 12. Kb1 Nc7 13. Qe2 Nxb5 14.
Qxb5 Bd7 15. Qb6 Qc8 16. Bg5 Ra6 17. Qe3 a4 18. Nc1 a3 19. Bxf6 Bxf6 20. b3
Bg5 21. Qxg5 Qxc3 22. Nd3 f5 23. Qd2 Qxd2 24. Rxd2 fxe4 25. fxe4 Bc6 26.
Re1 Ra5 27. Kc1 Rf6 28. Nb4 Kf7 29. c4 Ke7 30. Kc2 Ra8 31. Kc3 Kd7 32. Nd5
Bxd5 33. cxd5 Kc7 34. Kb4 Kb6 35. Ree2 g5 36. Rd3 1/2-1/2

[Event "6th EICC"]
[Site "Warsaw POL"]
[Date "2005.06.18"]
[Round "1"]
[White "Naiditsch,A"]
[Black "Brkic,A"]
[Result "1-0"]
[WhiteElo "2626"]
[BlackElo "2477"]
[EventDate "2005.06.18"]

1. e4 c5 2. Nf3 d6 3. d4 cxd4 4. Nxd4 Nf6 5. Nc3 a6 6. Be3 e5 7. Nf3 Be7 8.
Bc4 O-O 9. O-O Be6 10. Bb3 Nc6 11. Qe2 Rc8 12. Rfd1 h6 13. Nh4 Kh7 14. Nf5
Nxe4 15. Qg4 Ng5 16. Bxg5 hxg5 17. Bxe6 fxe6 18. Qh3+ Kg8 19. Nxd6 Bxd6 20.
Qxe6+ Kh8 21. Rxd6 1-0

[Event "6th EICC"]
[Site "Warsaw POL"]
[Date "2005.06.18"]
[Round "1"]
[White "Pavlovic,Mi"]
[Black "Smirnov,P"]
[Result "0-1"]
[WhiteElo "2475"]
[BlackElo "2624"]
[EventDate "2005.06.18"]

1. Nf3 c5 2. c4 Nf6 3. g3 d5 4. Bg2 Nc6 5. O-O e5 6. d3 Be7 7. Bg5 d4 8. e3
O-O 9. exd4 cxd4 10. Re1 Qc7 11. Nbd2 h6 12. Bxf6 Bxf6 13. a3 a5 14. c5 Be6
15. Rc1 Bd5 16. Nc4 Rad8 17. h4 g6 18. h5 Kg7 19. Nd6 b6 20. hxg6 fxg6 21.
Ne4 Be7 22. cxb6 Qxb6 23. Re2 Rf5 24. Nfd2 h5 25. Nc4 Qb5 26. a4 Qb8 27.
Rec2 h4 28. gxh4 Bxh4 29. Ng3 Rg5 0-1

[Event "6th EICC"]
[Site "Warsaw POL"]
[Date "2005.06.18"]
[Round "1"]
[White "Timofeev,Arty"]
[Black "Mastrovasilis,A"]
[Result "1-0"]
[WhiteElo "2622"]
[BlackElo "2473"]
[EventDate "2005.06.18"]

1. e4 e5 2. Nf3 Nc6 3. Bb5 Nf6 4. O-O Nxe4 5. d4 Nd6 6. Bxc6 dxc6 7. dxe5
Nf5 8. Qxd8+ Kxd8 9. Nc3 Bd7 10. h3 b6 11. Bf4 Kc8 12. Rad1 h6 13. Ne4 Be6
14. g4 Ne7 15. Nd4 Bd5 16. Nc3 Bc4 17. Rfe1 Kb7 18. b3 Be6 19. Nxe6 fxe6
20. Ne2 Re8 21. Bg3 g5 22. Kg2 Bg7 23. Kf3 c5 24. Ke4 Kc6 25. f4 Ng6 26.
Rf1 Re7 27. Ng1 a5 28. a4 gxf4 29. Bxf4 Rf8 30. Bg3 Rxf1 31. Rxf1 b5 32.
Nf3 bxa4 33. bxa4 Re8 34. Nd2 Rd8 35. Nb3 c4 36. Nd4+ 1-0

[Event "6th EICC"]
[Site "Warsaw POL"]
[Date "2005.06.18"]
[Round "1"]
[White "Karlsson,L"]
[Black "Cheparinov,I"]
[Result "1/2-1/2"]
[WhiteElo "2472"]
[BlackElo "2621"]
[EventDate "2005.06.18"]

1. g3 c5 2. c4 g6 3. Bg2 Bg7 4. Nc3 Nc6 5. e3 Nh6 6. Nge2 Nf5 7. a3 b6 8.
O-O O-O 9. Rb1 Bb7 10. b4 d6 11. d3 Qd7 12. h3 e6 13. Kh2 Rad8 14. e4 Nfd4
15. Be3 h6 16. Qd2 Kh7 17. f4 f5 18. Bg1 Rde8 19. bxc5 dxc5 20. e5 Rd8 21.
Bxd4 Nxd4 22. Bxb7 Qxb7 23. Nxd4 Rxd4 24. Nb5 Rd7 25. Qe3 Rfd8 26. Rfd1 Bf8
27. Rd2 Be7 28. Rbd1 a6 29. Nc3 b5 30. Ne2 Kg7 31. g4 fxg4 32. hxg4 bxc4
33. dxc4 Rxd2 34. Rxd2 Rxd2 35. Qxd2 Qf3 36. Ng3 Qxg4 37. Qe3 g5 38. f5
exf5 39. Qd3 Qf4 40. Kg2 Qxe5 41. Nxf5+ Kf8 42. Nxh6 Qd4 43. Qf3+ Qf6 44.
Nf5 Kf7 1/2-1/2

[Event "6th EICC"]
[Site "Warsaw POL"]
[Date "2005.06.18"]
[Round "1"]
[White "Filippov,Va"]
[Black "Van der Weide,K"]
[Result "1-0"]
[WhiteElo "2621"]
[BlackElo "2472"]
[EventDate "2005.06.18"]

1. c4 Nf6 2. Nc3 g6 3. g3 Bg7 4. Bg2 O-O 5. d4 d6 6. Nf3 Nc6 7. O-O Rb8 8.
Re1 a6 9. Rb1 Re8 10. d5 Na5 11. Qd3 e5 12. e4 c5 13. b4 cxb4 14. Rxb4 Nd7
15. Be3 Nc5 16. Bxc5 dxc5 17. Rb2 Bd7 18. Reb1 Bf8 19. h4 Bd6 20. Kh2 Re7
21. Bh3 Be8 22. Nd2 b6 23. Nd1 Reb7 24. Qe2 b5 25. Ne3 Qf6 1-0

[Event "6th EICC"]
[Site "Warsaw POL"]
[Date "2005.06.18"]
[Round "1"]
[White "Firman,N"]
[Black "Efimenko,Z"]
[Result "1/2-1/2"]
[WhiteElo "2471"]
[BlackElo "2620"]
[EventDate "2005.06.18"]

1. e4 c5 2. Nf3 d6 3. d4 cxd4 4. Nxd4 Nf6 5. Nc3 a6 6. f4 e5 7. Nf3 Nbd7 8.
Qe2 b5 9. Be3 Bb7 10. O-O-O Qa5 11. Nd2 Rc8 12. Nb3 Qc7 13. Nd5 Nxd5 14.
exd5 Be7 15. g3 O-O 16. Bh3 Bf6 17. Qf2 Ra8 18. Bxd7 Qxd7 19. Na5 exf4 20.
Bxf4 Be5 21. Rd2 Rfe8 22. Rhd1 Qc7 23. Bxe5 Rxe5 24. Nc6 Bxc6 25. dxc6 Rd8
26. Qd4 Re6 27. Qc3 Rc8 28. Rd3 h6 29. Qa3 d5 30. Rxd5 Rxc6 31. c3 Qb6
1/2-1/2

[Event "6th EICC"]
[Site "Warsaw POL"]
[Date "2005.06.18"]
[Round "1"]
[White "Najer,E"]
[Black "Maze,S"]
[Result "1-0"]
[WhiteElo "2615"]
[BlackElo "2470"]
[EventDate "2005.06.18"]

1. d4 d5 2. c4 Nc6 3. Nc3 dxc4 4. d5 Ne5 5. Qd4 Ng6 6. Qxc4 a6 7. Qb3 Nf6
8. Nf3 Nd7 9. Be3 Nge5 10. O-O-O g6 11. Nxe5 Nxe5 12. Bd4 Bh6+ 13. f4 f6
14. e3 Nf7 15. Be2 O-O 16. h4 Nd6 17. g4 Qe8 18. h5 e5 19. dxe6 Bxe6 20.
Qc2 g5 21. f5 Bf7 22. Bf3 Qe7 23. Kb1 Rfd8 24. Nd5 Bxd5 25. Bxd5+ Kh8 26.
a4 Rab8 27. Ba7 Ra8 28. Bc5 Rab8 29. Qc3 Bf8 30. Ka1 h6 31. Rhe1 Bg7 32. e4
Qe8 33. Qb3 b6 34. Bf2 b5 35. a5 b4 36. Rc1 Rb5 37. Rxc7 Rxa5+ 38. Kb1 Nb5
39. Rb7 Na3+ 40. bxa3 Rxa3 41. Qxb4 Bf8 42. Qb2 1-0

[Event "6th EICC"]
[Site "Warsaw POL"]
[Date "2005.06.18"]
[Round "1"]
[White "Williams,Si"]
[Black "Macieja,B"]
[Result "0-1"]
[WhiteElo "2466"]
[BlackElo "2613"]
[EventDate "2005.06.18"]

1. d4 Nf6 2. c4 g6 3. Nc3 d5 4. cxd5 Nxd5 5. e4 Nxc3 6. bxc3 Bg7 7. Bc4 c5
8. Ne2 Nc6 9. Be3 O-O 10. O-O Bd7 11. Qd2 Qa5 12. Qb2 Rab8 13. Bb3 Qa6 14.
Rfd1 Na5 15. dxc5 Bc6 16. Ng3 Nc4 17. Qc1 Nxe3 18. Qxe3 Qa5 19. e5 Rfc8 20.
f4 e6 21. Rd6 Bf8 22. f5 gxf5 23. Re1 Kh8 24. Nh5 Be7 25. Nf6 Rg8 26. Nxg8
Rxg8 27. Re2 Rg4 28. Bc2 Bg5 29. Qd3 Bb5 30. Qf3 Bxe2 31. Qxe2 Qxc5+ 32.
Kh1 Qxc3 33. h3 Rc4 34. Bb3 Re4 0-1

[Event "6th EICC"]
[Site "Warsaw POL"]
[Date "2005.06.18"]
[Round "1"]
[White "Sergeev,Vl"]
[Black "Tregubov,P"]
[Result "0-1"]
[WhiteElo "2458"]
[BlackElo "2612"]
[EventDate "2005.06.18"]

1. d4 d5 2. Bg5 c6 3. c3 Bf5 4. Nf3 Nd7 5. Nbd2 Ngf6 6. e3 h6 7. Bh4 e6 8.
Qb3 Qb6 9. Be2 Bd6 10. Bg3 Bxg3 11. hxg3 O-O 12. O-O Qc7 13. c4 Rad8 14.
Rac1 Rfe8 15. Rfd1 Qb8 16. Qc3 Bg4 17. Qc2 e5 18. dxe5 Nxe5 19. b4 Bh5 20.
Qb2 Neg4 21. Rf1 Nxe3 22. fxe3 Qxg3 23. cxd5 Ng4 24. e4 cxd5 25. e5 Rxe5
26. Bd3 Bg6 27. Qd4 Bxd3 28. Qxd3 Re3 29. Qb5 a6 30. Qb6 Re2 31. Qxd8+ Kh7
0-1

[Event "6th EICC"]
[Site "Warsaw POL"]
[Date "2005.06.18"]
[Round "1"]
[White "Asrian,K"]
[Black "Khmelniker,I"]
[Result "1-0"]
[WhiteElo "2611"]
[BlackElo "2458"]
[EventDate "2005.06.18"]

1. e4 e5 2. Nf3 Nc6 3. Bb5 a6 4. Ba4 Nf6 5. d3 d6 6. c3 g6 7. O-O Bg7 8.
Re1 O-O 9. Bg5 h6 10. Bh4 b5 11. Bc2 Qd7 12. Nbd2 Nh5 13. Nf1 Bb7 14. Ne3
Rae8 15. a4 Nf4 16. axb5 axb5 17. Bg3 Ne6 18. Nh4 Ne7 19. Ra7 Ra8 20. Rxa8
Bxa8 21. Bb3 Kh8 22. Ba2 f5 23. Nxg6+ Nxg6 24. exf5 Nef4 25. fxg6 Nxg6 26.
Qh5 Nf4 27. Bxf4 Rxf4 28. Bd5 Bxd5 29. Nxd5 Rf5 30. Qh3 Rf7 31. Qxd7 Rxd7
32. Ra1 c6 33. Nb4 c5 34. Nd5 c4 35. dxc4 bxc4 36. Ra4 Rb7 37. Rxc4 Rxb2
38. g3 Rd2 39. Ne7 d5 40. Rc8+ Kh7 41. Rc7 Kh8 42. Nf5 Bf8 43. Rc8 Kg8 44.
Nxh6+ Kg7 45. Ng4 e4 46. h4 1-0

[Event "6th EICC"]
[Site "Warsaw POL"]
[Date "2005.06.18"]
[Round "1"]
[White "Neubauer,M"]
[Black "Korneev,O"]
[Result "0-1"]
[WhiteElo "2457"]
[BlackElo "2611"]
[EventDate "2005.06.18"]

1. e4 c5 2. Nf3 e6 3. c3 Nf6 4. e5 Nd5 5. d4 cxd4 6. cxd4 d6 7. Bc4 Nb6 8.
Bd3 dxe5 9. dxe5 Na6 10. Qe2 Nc5 11. Bc2 Nd5 12. O-O Bd7 13. Nc3 Nxc3 14.
bxc3 Be7 15. Rd1 Qc7 16. Bg5 Bc6 17. Bxe7 Qxe7 18. Nd4 Rc8 19. Nb5 Bxb5 20.
Qxb5+ Kf8 21. Rd4 g6 22. Rad1 Kg7 23. h4 Rc7 24. Qe2 h5 25. g3 Rhc8 26. Qd2
b5 27. c4 bxc4 28. Rxc4 Nd7 29. Rxc7 Rxc7 30. Bb3 Nxe5 31. Qd6 Qxd6 32.
Rxd6 Kf6 33. Kf1 Ke7 34. Ra6 Nd3 35. Ke2 Nc5 36. Ra3 e5 37. Ke3 f5 38. f3
Kd6 39. Bg8 Rg7 40. Bc4 g5 41. hxg5 Rxg5 42. Rxa7 Rxg3 43. Rh7 Rg2 44. Rh6+
Ke7 45. f4 Rg3+ 46. Ke2 exf4 47. Rxh5 Kf6 48. Rh8 Ne4 49. Ba6 Rg2+ 50. Ke1
f3 0-1

[Event "6th EICC"]
[Site "Warsaw POL"]
[Date "2005.06.18"]
[Round "1"]
[White "Pelletier,Y"]
[Black "Abergel,T"]
[Result "1/2-1/2"]
[WhiteElo "2610"]
[BlackElo "2456"]
[EventDate "2005.06.18"]

1. d4 Nf6 2. c4 e6 3. Nf3 Bb4+ 4. Bd2 a5 5. Nc3 b6 6. Bg5 Bb7 7. e3 h6 8.
Bh4 g5 9. Bg3 Ne4 10. Qc2 d6 11. Bd3 Bxc3+ 12. bxc3 Nxg3 13. hxg3 g4 14.
Nh4 Nd7 15. O-O Qg5 16. Rab1 O-O-O 17. Rb5 Qe7 18. Rfb1 Rhg8 19. e4 Rg5 20.
R5b2 f6 21. Qe2 Qf7 22. Re1 Kb8 23. Bc2 h5 24. Ba4 Qh7 25. Qe3 Rdg8 26. Qf4
Qe7 27. Reb1 Kc8 28. Qe3 Qh7 29. Re1 Qe7 30. Qf4 Ba6 31. Bb5 Bxb5 32. Rxb5
Rxb5 33. cxb5 Rg5 34. a4 Qg7 35. Kh2 Nf8 36. Qe3 Qe7 37. f4 gxf3 38. gxf3
Qg7 39. f4 Rg4 40. Qf3 Nd7 41. Ng2 Qf7 42. Ne3 Rg8 43. Rh1 e5 44. fxe5 dxe5
45. Nd5 Rg5 46. Rf1 Qg7 47. Qd3 h4 48. Qc4 Nc5 49. dxc5 Rxg3 50. Nxb6+ cxb6
51. Qe6+ Qd7 52. Qxd7+ Kxd7 53. cxb6 Rxc3 54. Rxf6 Rc8 55. b7 Rb8 56. Kh3
Kc7 57. Kxh4 Kxb7 58. Rc6 Rf8 59. Ra6 Rf4+ 60. Kg5 Rxe4 61. Rxa5 Rf4 62.
Ra6 Rf1 63. a5 e4 64. Re6 Rb1 65. Rb6+ Ka7 66. Kf4 Rb4 67. Ke3 Ra4 68. Ra6+
Kb7 69. Rb6+ Ka7 70. Ra6+ Kb7 1/2-1/2

[Event "6th EICC"]
[Site "Warsaw POL"]
[Date "2005.06.18"]
[Round "1"]
[White "Heberla,B"]
[Black "Dautov,R"]
[Result "0-1"]
[WhiteElo "2454"]
[BlackElo "2609"]
[EventDate "2005.06.18"]

1. e4 c6 2. d4 d5 3. Nc3 dxe4 4. Nxe4 Bf5 5. Ng3 Bg6 6. h4 h6 7. Nf3 Nd7 8.
h5 Bh7 9. Bd3 Bxd3 10. Qxd3 e6 11. Bd2 Ngf6 12. O-O-O Be7 13. Ne4 O-O 14.
g4 Nxg4 15. Rhg1 f5 16. Qb3 Rf7 17. Nc3 Nf8 18. Ne5 Nxe5 19. dxe5 Qb6 20.
Qxb6 axb6 21. Bxh6 b5 22. Bg5 Bc5 23. Rg2 Nd7 24. Bf4 b4 25. Ne2 Rxa2 26.
Kb1 Ra8 27. h6 Nf8 28. Rdg1 g6 29. Bc1 b5 30. b3 Kh7 31. Nf4 Bd4 32. Bb2
Bxb2 33. Kxb2 Rfa7 34. Nxg6 Nxg6 35. Rxg6 Ra2+ 36. Kc1 Ra1+ 37. Kd2 Rxg1
38. Rxg1 Kxh6 39. f4 c5 40. Ke3 Ra2 41. Kd3 Ra3 42. Rg8 c4+ 43. Kd4 cxb3
44. cxb3 Rxb3 45. Re8 Kh5 46. Rxe6 Kg4 47. Rb6 Kxf4 48. Rh6 Rb1 49. Kd5 b3
50. Rh4+ Kg3 51. Rb4 b2 52. Ke6 f4 0-1

[Event "6th EICC"]
[Site "Warsaw POL"]
[Date "2005.06.18"]
[Round "1"]
[White "Iordachescu,V"]
[Black "Tzermiadianos,And"]
[Result "1/2-1/2"]
[WhiteElo "2609"]
[BlackElo "2453"]
[EventDate "2005.06.18"]

1. e4 d5 2. exd5 Qxd5 3. Nc3 Qd6 4. d4 Nf6 5. Bd3 Nc6 6. Nge2 e5 7. O-O
Nxd4 8. Nxd4 Qxd4 9. Nb5 Qb6 10. Qe2 e4 11. Bf4 Bd6 12. Nxd6+ cxd6 13. Bb5+
Ke7 14. Be3 Qa5 15. Bd4 Be6 16. f3 a6 17. Bc4 Qb4 18. b3 Rac8 19. fxe4 Bxc4
20. bxc4 Qxc4 21. Qf2 Ng4 22. Qh4+ f6 23. Rad1 Qe6 24. Qg3 g6 25. Rb1 b5
26. c3 Rc4 27. Qh4 h5 28. h3 Ne5 29. Rbd1 Rf8 30. Qg3 Rg8 31. Qf2 Rc7 32.
a4 g5 33. axb5 axb5 34. Ra1 g4 35. h4 Rg6 36. Ra8 Nf3+ 37. Kh1 Qxe4 38.
Rfa1 Ne5 39. Bxe5 dxe5 40. Qb6 Qb7 41. Qe3 Qd5 42. Rh8 Rg7 43. Qh6 Qf7 44.
Qd2 Rd7 45. Qh6 g3 46. Rf1 Qg6 47. Qe3 Qg4 48. Qc5+ Rd6 49. Qc7+ Rd7
1/2-1/2

[Event "6th EICC"]
[Site "Warsaw POL"]
[Date "2005.06.18"]
[Round "1"]
[White "Riazantsev,A"]
[Black "Magalashvili,D"]
[Result "1-0"]
[WhiteElo "2608"]
[BlackElo "2445"]
[EventDate "2005.06.18"]

1. d4 d5 2. c4 e6 3. Nc3 Be7 4. Nf3 Nf6 5. Bg5 O-O 6. cxd5 exd5 7. e3 c6 8.
Qc2 Nbd7 9. Bd3 Re8 10. O-O Nf8 11. h3 g6 12. Bh6 Bd6 13. Rab1 Ne6 14. b4
a6 15. Rfe1 Ng7 16. Bg5 Be7 17. a4 Bf5 18. Bxf5 Nxf5 19. b5 axb5 20. axb5
Nd7 21. bxc6 bxc6 22. Bf4 Bd6 23. Ne2 Rc8 24. Rec1 Bxf4 25. Nxf4 Nd6 26.
Nd2 Nb6 27. Qc5 Nb5 28. Ra1 Nd7 29. Qb4 Qb6 30. Rab1 Rb8 31. Nf3 Rb7 32.
Nd3 f6 33. Rb2 Nb8 34. Qd2 Qd8 35. Ra1 Ree7 36. Qc2 Ra7 37. Rc1 Ra3 38. Rb3
Rea7 39. Nf4 Kf7 40. h4 Ra2 41. Qb1 Kg8 42. h5 g5 43. Ne6 Qe8 44. Nc7 Qd7
45. Nxb5 cxb5 46. Rxb5 Nc6 47. Rb6 Ra1 48. Qxa1 Rxa1 49. Rxa1 Qc7 50. Ra8+
Kf7 51. Raa6 1-0

[Event "6th EICC"]
[Site "Warsaw POL"]
[Date "2005.06.18"]
[Round "1"]
[White "Alekseev,Evgeny"]
[Black "Atakisi,U"]
[Result "1-0"]
[WhiteElo "2597"]
[BlackElo "2439"]
[EventDate "2005.06.18"]

1. e4 c5 2. Nf3 Nc6 3. d4 cxd4 4. Nxd4 Nf6 5. Nc3 e5 6. Ndb5 d6 7. Bg5 a6
8. Na3 b5 9. Bxf6 gxf6 10. Nd5 Bg7 11. Bd3 Ne7 12. Nxe7 Qxe7 13. c3 f5 14.
O-O O-O 15. Nc2 f4 16. a4 bxa4 17. Rxa4 Qg5 18. Qe2 Kh8 19. Rfa1 Rg8 20.
Ne1 Bf6 21. Bxa6 Bh3 22. Qf3 Bd7 23. Bb5 Bg4 24. Qd3 Rab8 25. b4 d5 26. Bc6
dxe4 27. Bxe4 Rgd8 28. Qc2 Bg7 29. Ra8 f5 30. Rxb8 Rxb8 31. Ra8 Rxa8 32.
Bxa8 e4 33. f3 Qd8 34. fxg4 Qxa8 35. gxf5 Qd5 36. c4 Bd4+ 37. Kf1 Qxf5 38.
Nf3 Bf6 39. Nd2 f3 40. Nxe4 fxg2+ 41. Kxg2 Qg6+ 42. Kf1 Bd4 43. Ke2 Be5 44.
c5 Bxh2 45. Qd3 h5 46. b5 Kg7 47. Qd4+ Kf7 48. Qd7+ Kf8 49. Kd3 Qg4 50.
Qd8+ Kf7 51. Qf6+ Ke8 52. c6 Bf4 53. Nc3 Qf3+ 54. Kc4 Qg4 55. Qh8+ Kf7 56.
Qh7+ Kf8 57. Qe4 Kf7 58. b6 Qe6+ 59. Qxe6+ Kxe6 60. Kb5 Kd6 61. c7 Kd7 62.
Nd5 1-0

[Event "6th EICC"]
[Site "Warsaw POL"]
[Date "2005.06.18"]
[Round "1"]
[White "Kozul,Z"]
[Black "Romanov,E"]
[Result "1-0"]
[WhiteElo "2591"]
[BlackElo "2437"]
[EventDate "2005.06.18"]

1. d4 Nf6 2. c4 e6 3. Nf3 c5 4. d5 exd5 5. cxd5 d6 6. Nc3 g6 7. Bf4 a6 8.
a4 Bg7 9. e4 Bg4 10. Be2 O-O 11. O-O Qe7 12. Nd2 Bxe2 13. Qxe2 Nh5 14. Be3
Nd7 15. a5 Rae8 16. Ra4 Be5 17. Nf3 Bg7 18. Bg5 Bf6 19. Bh6 Bg7 20. Bxg7
Nxg7 21. Qd2 f5 22. Re1 Qd8 23. Qh6 Nf6 24. Ng5 Qd7 25. Raa1 f4 26. Qh3
Qxh3 27. Nxh3 Nd7 28. f3 Ne5 29. Na4 h6 30. Nf2 Rc8 31. Nb6 Rc7 32. Rec1
Ne8 33. Nc4 Nxc4 34. Rxc4 Rff7 35. Nd3 g5 36. Rac1 Rce7 37. Kf2 Kg7 38. b4
cxb4 39. Rxb4 Rc7 40. Ke2 Rxc1 41. Nxc1 Rc7 42. Nb3 Kf6 43. Kd3 h5 44. h3
g4 45. h4 g3 46. Rb6 Rg7 47. Nd2 Rc7 48. Nc4 Ke7 49. Kd4 Kd7 50. e5 dxe5+
51. Nxe5+ Ke7 52. Nc4 Kf7 53. d6 1-0

[Event "6th EICC"]
[Site "Warsaw POL"]
[Date "2005.06.18"]
[Round "1"]
[White "Babula,V"]
[Black "Luch,M"]
[Result "1-0"]
[WhiteElo "2584"]
[BlackElo "2417"]
[EventDate "2005.06.18"]

1. d4 d5 2. c4 dxc4 3. Nf3 c5 4. d5 e6 5. Nc3 exd5 6. Qxd5 Qxd5 7. Nxd5 Bd6
8. Nd2 Ne7 9. Nxc4 Nxd5 10. Nxd6+ Ke7 11. Nxc8+ Rxc8 12. g3 Nc6 13. Bg2 Rd8
14. Bg5+ f6 15. Bd2 Rd6 16. Rc1 Rad8 17. O-O b6 18. Rfe1 Ndb4 19. Bf4 Ne5
20. Be4 h6 21. a3 Nd5 22. Bd2 Nc7 23. Bc3 Nb5 24. f4 Nc6 25. Kf2 Nxc3 26.
Rxc3 a5 27. Rec1 Nd4 28. a4 Ne6 29. Re3 Kf8 30. Bd3 Nd4 31. Rc3 Nc6 32. Bc4
Nb4 33. Re4 Rd2 34. b3 R2d4 35. Re6 R4d6 36. Rce3 Nc2 37. R3e4 Nd4 38. Rxd6
Rxd6 39. h4 Rd7 40. h5 Re7 41. Rxe7 Kxe7 42. g4 Kd6 43. e3 Nc6 44. Kf3 Ne7
45. Ke4 Nc6 46. Be2 Ne7 47. Kd3 Nd5 48. Bf3 Nb4+ 49. Kc3 Na6 50. Kc4 Nc7
51. Be4 Ke7 52. Bf5 Kf8 53. e4 Kf7 54. e5 fxe5 55. fxe5 Ke7 56. Bc8 Kf7 57.
Kd3 Nd5 58. Ke4 Nb4 59. Kf5 Nc6 60. Be6+ Kf8 61. Bd5 Nd4+ 62. Ke4 Ke7 63.
Bc4 Nc2 64. e6 Nd4 65. Kd5 Nxe6 66. Kc6 Nf8 67. Kxb6 Kd6 68. Kxa5 Kc6 69.
Bf7 Nd7 70. Be8 Kc7 71. Kb5 Nf6 72. Bg6 Nxg4 73. Kxc5 Nf6 74. b4 Nd7+ 75.
Kd4 Kd6 76. b5 Ne5 77. Be4 1-0

[Event "6th EICC"]
[Site "Warsaw POL"]
[Date "2005.06.18"]
[Round "1"]
[White "Gaprindashvili,V"]
[Black "Markus,R"]
[Result "1/2-1/2"]
[WhiteElo "2415"]
[BlackElo "2584"]
[EventDate "2005.06.18"]

1. d4 Nf6 2. c4 e6 3. Nc3 Bb4 4. Qc2 c5 5. dxc5 O-O 6. a3 Bxc5 7. Nf3 b6 8.
e3 Bb7 9. Bd3 Be7 10. Ng5 h6 11. Nge4 Nc6 12. O-O Rc8 13. Nxf6+ Bxf6 14.
Be4 Na5 15. Bxb7 Nxb7 16. Ne4 Na5 17. Qd3 Rxc4 18. Nxf6+ Qxf6 19. Bd2 d5
20. Bc3 Qg6 21. Qxg6 fxg6 22. Bxa5 bxa5 23. Rad1 Rfc8 24. h3 Kf7 25. b3 Rc3
26. e4 Rd8 27. exd5 Rxd5 28. Rc1 Rxb3 29. Rc7+ Kf6 30. Rxa7 Rxa3 31. Rc1
Rd2 32. Rcc7 Kg5 33. Rf7 Raa2 34. g3 Kh5 35. Rf3 e5 36. Re7 Re2 37. Kf1 e4
38. Rff7 e3 39. Rxe3 Rxe3 40. fxe3 a4 41. Rxg7 Kg5 42. Rf7 a3 43. Ra7 Kf6
44. Ra4 Ke5 45. h4 Kd5 46. e4+ Kc5 47. e5 Kd5 48. Ra5+ Ke4 49. e6 Kf3 50.
Ke1 Re2+ 51. Kf1 Rxe6 52. Rxa3+ Kg4 53. Kg2 Re2+ 54. Kf1 Rh2 55. Ra6 g5 56.
Rxh6 gxh4 1/2-1/2

[Event "6th EICC"]
[Site "Warsaw POL"]
[Date "2005.06.18"]
[Round "1"]
[White "Socko,B"]
[Black "Erdogdu,M"]
[Result "1/2-1/2"]
[WhiteElo "2583"]
[BlackElo "2414"]
[EventDate "2005.06.18"]

1. e4 e5 2. Nf3 Nc6 3. Bb5 a6 4. Ba4 Nf6 5. O-O Nxe4 6. d4 b5 7. Bb3 d5 8.
dxe5 Be6 9. Be3 Be7 10. c3 Nc5 11. Bc2 Nd7 12. Re1 Ndxe5 13. Nxe5 Nxe5 14.
Bd4 Nc6 15. Bxg7 Rg8 16. Qh5 Kd7 17. Bh6 Bc5 18. Be3 Bxe3 19. Rxe3 Qf6 20.
Nd2 Rg5 21. Qe2 Rag8 22. Rg3 h5 23. a4 h4 24. Rxg5 Qxg5 25. g3 Ne5 26. Nf3
Nxf3+ 27. Qxf3 hxg3 28. fxg3 Qe5 29. axb5 axb5 30. Qf2 Qd6 31. Bd3 b4 32.
Ra6 Qe5 33. cxb4 Rg4 34. Bb5+ Ke7 35. Qc5+ Kf6 36. Qc3 Re4 37. Bf1 Re1 38.
Kf2 Rb1 39. Qxe5+ Kxe5 40. Ra2 d4 41. Ra5+ Kd6 42. Ra6+ Ke5 43. Ra5+ Kd6
44. Ra6+ Ke7 45. b5 Rxb2+ 46. Kg1 Bd5 47. Ra4 Rd2 48. h4 Kf6 49. Rb4 Ke5
50. h5 Kf6 51. Rb1 Be4 52. Re1 Bc2 53. Bc4 Rd1 54. Kf2 Rxe1 55. Kxe1 Kg7
56. Kd2 Be4 57. Bd3 f5 58. Bxe4 fxe4 59. g4 Kh6 60. Ke2 1/2-1/2

[Event "6th EICC"]
[Site "Warsaw POL"]
[Date "2005.06.18"]
[Round "1"]
[White "Roiz,M"]
[Black "Kuljasevic,D"]
[Result "1/2-1/2"]
[WhiteElo "2579"]
[BlackElo "2408"]
[EventDate "2005.06.18"]

1. d4 d5 2. c4 c6 3. Nf3 Nf6 4. e3 a6 5. Qc2 Bg4 6. Ne5 Bh5 7. Qb3 Qc7 8.
Nc3 e6 9. Bd2 Bd6 10. Rc1 O-O 11. cxd5 exd5 12. f4 Nbd7 13. Bd3 Bg6 14.
Bxg6 hxg6 15. a3 Qb6 16. Qc2 Rae8 17. O-O Qd8 18. Qb3 Qb6 19. Qa2 Qd8 20.
Kh1 Re6 21. Rf3 g5 22. Rcf1 gxf4 23. exf4 Rfe8 24. Rh3 Nf8 25. Be3 Qc7 26.
Qb1 c5 27. Qe1 cxd4 28. Bxd4 Ng6 29. Nxg6 fxg6 30. Qd1 Qc4 31. Bxf6 Qxf1+
32. Qxf1 Re1 33. Rf3 gxf6 34. Nxd5 Kf7 35. g3 Rxf1+ 36. Rxf1 Re2 37. b4
1/2-1/2

[Event "6th EICC"]
[Site "Warsaw POL"]
[Date "2005.06.18"]
[Round "1"]
[White "Krysztofiak,M"]
[Black "Kotronias,V"]
[Result "0-1"]
[WhiteElo "2401"]
[BlackElo "2578"]
[EventDate "2005.06.18"]

1. e4 c5 2. Nf3 Nc6 3. Bb5 g6 4. O-O Bg7 5. c3 Nf6 6. Re1 O-O 7. d4 d5 8.
e5 Ne4 9. Bxc6 bxc6 10. Nbd2 Bf5 11. Nf1 f6 12. exf6 exf6 13. dxc5 Nxc5 14.
Nd4 Bd7 15. c4 dxc4 16. Qc2 Be8 17. Qxc4+ Qd5 18. Qxd5+ cxd5 19. b3 Bf7 20.
Ba3 Rfc8 21. Bxc5 Rxc5 22. Ne6 Bxe6 23. Rxe6 d4 24. Rd1 Rd8 25. Nd2 Rc2 26.
Ra6 d3 27. Nc4 Bh6 28. Kf1 f5 29. g3 f4 30. Ne5 d2 31. Re6 fxg3 32. hxg3
Rxa2 33. Ke2 Rb2 34. Ng4 Bf8 35. Ra6 Re8+ 36. Kf1 Re7 37. Ne3 Rd7 38. Nc4
Rc2 39. Ne3 Rc1 40. Ke2 Bb4 41. Re6 a5 42. Re4 h5 43. Rc4 Rxc4 44. Nxc4
Re7+ 45. Kd3 Re1 46. Kc2 Re2 47. f4 Kg7 0-1

[Event "6th EICC"]
[Site "Warsaw POL"]
[Date "2005.06.18"]
[Round "1"]
[White "Bakalarz,M"]
[Black "Andersson,U"]
[Result "1/2-1/2"]
[WhiteElo "2408"]
[BlackElo "2579"]
[EventDate "2005.06.18"]

1. e4 e6 2. d4 d5 3. Nd2 c5 4. exd5 Qxd5 5. Ngf3 cxd4 6. Bc4 Qd6 7. O-O Nf6
8. Nb3 Nc6 9. Nbxd4 Nxd4 10. Qxd4 Qxd4 11. Nxd4 a6 12. Be2 e5 13. Nf3 Bd6
14. Rd1 Bc7 15. Bd2 O-O 16. Bb4 Re8 17. Bd6 Bxd6 18. Rxd6 Bd7 19. Rad1 Bc6
20. Nd2 Rac8 21. Kf1 Kf8 22. Nc4 Ne4 23. f3 Nxd6 24. Nxd6 Ke7 25. Nxe8 Bxe8
26. Bd3 g6 27. Re1 Kd6 28. Rd1 Ke6 29. Be4 Rc7 30. Ke2 f5 31. Bd5+ Ke7 32.
c4 b5 33. b3 Bd7 34. Kd2 bxc4 35. Bxc4 a5 36. Ke3 Be6 37. Bxe6 Kxe6 38. Rd2
Rc3+ 39. Ke2 Rc1 40. Rd1 Rc8 41. Kd2 e4 42. fxe4 fxe4 43. Re1 Ke5 44. Rf1
Kd4 45. Rf7 e3+ 46. Kd1 h5 47. Rd7+ Ke4 48. Re7+ Kd3 49. Rd7+ Kc3 50. Ke2
Kb2 51. Kxe3 Rc2 52. Kf3 Rc3+ 53. Kf4 Rc2 54. Kg3 g5 55. Rd5 Rc3+ 56. Kf2
Rc2+ 57. Kf3 g4+ 58. Kg3 Rc3+ 59. Kh4 Rc2 60. Rxa5 Rxg2 61. Kxh5 Rxh2+ 62.
Kxg4 Rf2 63. Rf5 Rd2 64. Ra5 Rf2 65. Kg3 Rf8 66. Ra4 Rf7 67. Ra8 Rf6 68. b4
Kc3 69. b5 Kb4 70. Ra6 Rf8 71. a4 Kc5 72. Kg4 Rf1 73. Kg5 Rf2 74. Rc6+ Kb4
75. Ra6 Kc5 76. Kg6 Rf4 77. Kg7 Kd5 78. Kg6 Kc5 79. Kg5 Rf8 80. Rf6 Rg8+
81. Kh4 Rh8+ 82. Kg3 Rg8+ 83. Kf3 Re8 84. Rc6+ Kb4 85. Ra6 Kc5 86. Kf4 Kd5
87. Kf3 Kc5 88. Rf6 Ra8 89. Rf4 Rh8 90. Ke3 Rh3+ 91. Ke4 Rh8 92. Kd3 Rh3+
93. Ke4 Rh8 94. Rf6 Rh4+ 95. Rf4 Rh8 1/2-1/2

[Event "6th EICC"]
[Site "Warsaw POL"]
[Date "2005.06.18"]
[Round "1"]
[White "Erenburg,S"]
[Black "Guseinov,El"]
[Result "0-1"]
[WhiteElo "2575"]
[BlackElo "2391"]
[EventDate "2005.06.18"]

1. e4 c5 2. Nf3 Nc6 3. d4 cxd4 4. Nxd4 e6 5. Nc3 d6 6. Be3 Nf6 7. f3 Be7 8.
Qd2 O-O 9. O-O-O d5 10. exd5 Nxd5 11. Nxd5 Qxd5 12. c4 Qd6 13. Nxc6 Qxc6
14. Bd3 e5 15. Qc2 h6 16. Be4 Qa6 17. Kb1 Be6 18. Bd5 Rac8 19. b3 b5 20.
cxb5 Qxb5 21. Qe4 Bxd5 22. Rxd5 Qe2 23. Rd2 Qb5 24. Bxa7 Qa5 25. Be3 Rc3
26. Rhd1 Ra8 27. Qb7 Qa3 28. Bf2 Rac8 29. Qxc8+ Rxc8 30. Re2 Bg5 31. Be3
Qa6 32. Rde1 Qg6+ 0-1